000 00508nam a2200157 a 4500
001 000034626
005 20200930073814.0
008 111010s2004 dr 000 0 spa d
040 _aDO-SdBNP
_bspa
_cBNPHU
082 _axxxx
_bI46s
100 1 _aIngenieros, José,
_d1877-1925
_916601
245 1 3 _aLa simulación en la lucha por la vida. /
_cJosé Ingeniero.
260 _c[s. l.
_bs. n.,
_c19--?].
300 _a162 p. ;
_c21 cm.
500 _aIncluye referencias bibliográficas y notas al pie de las páginas
999 _c34117
_d34117